|
|
|
|
| LEADER |
00000nab a2200000 a 4500 |
| 001 |
vtls000399201 |
| 003 |
SK-MaSNL |
| 005 |
20260303230647.0 |
| 008 |
160204c1988 xo 0 slo |
| 015 |
|
|
|a SNBRA19rr/mm-uuuuu
|
| 035 |
|
|
|a CL0399325
|
| 040 |
|
|
|a SNKBUCL
|b slo
|c SNKBUCL
|e AACR2
|
| 041 |
0 |
|
|a slo
|
| 044 |
|
|
|a xo
|c SK
|
| 080 |
|
|
|a 624.97.042.4:533.6:534
|2 1981
|
| 080 |
|
|
|a 533.6
|2 1981
|
| 080 |
|
|
|a 534
|2 1981
|
| 100 |
1 |
|
|a Juhásová, Emília,
|d 1942-2008
|4 aut
|9 166807
|
| 245 |
1 |
0 |
|a Dynamická a kvázistická odozva chladiacej veže na vietor
|c Emília Juhásová
|
| 300 |
|
|
|b Obr. 1. Grafy 4., lit. 6 zázn. v slov., češ., angl.
|
| 650 |
0 |
7 |
|a veže chladiace
|2 snkbucl
|9 745244
|
| 650 |
0 |
7 |
|a škrupinové konštrukcie
|2 snkbucl
|9 122012
|
| 650 |
0 |
7 |
|a zaťaženie konštrukcií
|2 snkbucl
|9 69056
|
| 655 |
|
7 |
|a články zo zborníkov
|2 snkbucl
|9 166140
|
| 773 |
0 |
|
|t Zaťaženie vetrom stavebných a dopravných konštrukcií
|d Žilina : Dom techniky ČSVTS, 1988
|g S. 126-132
|
| 850 |
|
|
|a Slovenská národná knižnica v Martine
|a MTA001
|
| 852 |
|
|
|a SNK
|b KIS3GCP
|
| 958 |
|
|
|a NB
|
| 958 |
|
|
|a RK
|
| 992 |
|
|
|a RZB
|
| 999 |
|
|
|c 2263364
|d 2265294
|